000
00303nam a22001337a 4500
003
OSt
005
20250620101838.0
007
22 PAGES
008
250620b |||||||| |||| 00| 0 eng d
040
_c
245
_a
IS:12032(PART 6)-1987
_c
B.I.S
260
_b
INDIAN STANDARDS
_c
2019
942
_2
ddc
_c
RB
_n
0
999
_c
36228
_d
36228